| 000 | 00473nam a2200217Ia 4500 | ||
|---|---|---|---|
| 003 | IT-RoPAU | ||
| 008 | 120407s9999 xx 000 0 und d | ||
| 040 | _aIT-RoPAU | ||
| 040 | _cIT-RoPAU | ||
| 041 | _afra | ||
| 100 | _aAnselmo di Havelberg | ||
| 245 | _aDialogues. (Testo latino - francese). | ||
| 250 | _aParis | ||
| 260 | _aDu Cerf | ||
| 260 | _c1966 | ||
| 300 | _c19.5 cm | ||
| 490 | _aSources Chrétiennes, 118 | ||
| 490 | _v0 | ||
| 942 | _cBK | ||
| 999 |
_c39 _d39 |
||